| 000 | 01035nam a22002417a 4500 | ||
|---|---|---|---|
| 999 |
_c64915 _d64915 |
||
| 005 | 20240530110757.0 | ||
| 008 | 190114s2017 ua g b 000 0 ara d | ||
| 017 |
_a2017/20713 _bمصر. دار الكتب |
||
| 020 | _a9789779114637 | ||
| 040 |
_aEG-CaGPL _cEG-CaGPL |
||
| 082 | 0 | 4 |
_221 _a953.071 / _bأ ش |
| 100 | 0 | _aاحمد صالح محمد عبدالغنى | |
| 245 | 1 | 2 |
_aالشرطة فى الاندلس الاسلامية : _b92 - 897 هـ / 711 - 1492 م / _cتاليف احمد صالح محمد عبدالغنى ؛ تقديم زبيدة محمد عطا |
| 260 |
_aالقاهرة : _bالهيئة المصرية العامة للكتاب، _c2017. |
||
| 300 |
_a236 ص. ؛ _c24 سم + _eملاحق. |
||
| 490 | 0 |
_aتاريخ العرب ؛ _v6. |
|
| 504 | _aيشتمل على ارجاعات ببليوجرافية | ||
| 650 | _2qrmak | ||
| 651 | 0 | 7 |
_2qrmak _aالاندلس _xتاريخ |
| 653 | 0 | _aالشرطة - الاندلس الاسلامية | |
| 942 |
_2ddc _cBK |
||